The Anglican Church of Kenya constitution (Record no. 32696)
[ view plain ]
| 000 -LEADER | |
|---|---|
| fixed length control field | 00619nam a2200145Ia 4500 |
| 008 - FIXED-LENGTH DATA ELEMENTS--GENERAL INFORMATION | |
| fixed length control field | 081213s9999 xx 000 0 und d |
| 050 ## - LIBRARY OF CONGRESS CALL NUMBER | |
| Classification number | BR1443.K4 |
| Item number | A54 1979 |
| 100 ## - MAIN ENTRY--PERSONAL NAME | |
| Personal name | Anglican Church of Kenya |
| 245 ## - TITLE STATEMENT | |
| Title | The Anglican Church of Kenya constitution |
| Statement of responsibility, etc | Anglican Church of Kenya |
| 260 ## - PUBLICATION, DISTRIBUTION, ETC. (IMPRINT) | |
| Date of publication, distribution, etc | 1979 |
| Place of publication, distribution, etc | Nairobi |
| Name of publisher, distributor, etc | The Anglican Church of Kenya and Uzima Press |
| 300 ## - PHYSICAL DESCRIPTION | |
| Extent | 315 p. ; |
| Dimensions | 30 cm. |
| 650 ## - SUBJECT ADDED ENTRY--TOPICAL TERM | |
| Topical term or geographic name as entry element | Anglican Church of Kenya -- Government |
| 942 ## - ADDED ENTRY ELEMENTS (KOHA) | |
| Item type | Book |
| Source of classification or shelving scheme | Library of Congress Classification |
| Withdrawn status | Lost status | Source of classification or shelving scheme | Damaged status | Not for loan | Collection code | Home library | Current library | Shelving location | Date acquired | Full call number | Barcode | Copy number | Price effective from | Koha item type |
|---|---|---|---|---|---|---|---|---|---|---|---|---|---|---|
| Library of Congress Classification | Not For Loan | Non-fiction | Bishop Okullu Memorial Library (Limuru Campus) | Bishop Okullu Memorial Library (Limuru Campus) | Special Collection | 19/10/2010 | SPE BR1443 .K4 A54 1979 | 022787 | 1 | 19/10/2010 | Book |